Kindheitsserien und Sitcoms Bilder Quiz - Statistiken

Allgemein
  • Dieses Quiz wurde 160 mal gespielt
  • Das Durchschnittsergebnis liegt bei 9 aus 16
Antwortstatistiken
Bildquiz Antwort % Korrekt
Kimpossible
88%
iCarly
78%
Lauras Stern
75%
Cosmo und Wanda
74%
H2O
74%
Spongebob Schwammkopf
74%
Flipper
55%
Drake & Josh
53%
Zoey 101
51%
Little Amadeus
47%
Neds ultimativer Schulwahnsinn
41%
Yakary
39%
Hannah Montana
38%
Jim Knopf
33%
Zack und Cody
29%
Zauberer vom Waverly Place
18%
Keine übereinstimmenden Quizze gefunden
Verteilung der Resultate
Anzahl Personen mit jedem Resultat
Perzentil nach korrekt beantworteten Fragen
Ihre Resultats-Entwicklung
Sie haben dieses Quiz noch nicht gespielt